Ancient Greek Letters With 5 Letters - Statistics

General Stats
  • This quiz has been taken 20 times
  • The average score is 6 of 7
Answer Stats
Answer % Correct
Alpha
100%
Delta
100%
Gamma
95%
Kappa
84%
Omega
84%
Theta
74%
Sigma
63%
No matching quizzes found
Score Distribution
Percent of People with Each Score
Percentile by Number Answered
Your Score History
You have not taken this quiz